000 03531cam a2200361 i 4500
001 24139012
003 DLC
005 20260311114009.0
007 t|
008 250404s2025 nyu b 001 0 eng
010 _a 2025016080
020 _a9780197760499
_qpaperback
040 _aDLC
_beng
_erda
_cDLC
_dDLC
_dDLC-MRC
_dDLC
042 _apcc
082 0 0 _a342 VER
_223/eng/20250404
100 1 _aVersteeg, Mila,
245 1 0 _aComparative constitutional law and politics :
_banalysis, cases, & materials /
_cMila Versteeg, Tom Ginsburg, David Landau.
264 1 _aNew York :
_bOxford University Press,
_c[2025]
300 _axxxviii, 857 pages
_billustrations
_c26 cm.
336 _atext
_btxt
_2rdacontent
_0http://id.loc.gov/vocabulary/contentTypes/txt
365 _bRs. 5055.00
504 _aIncludes bibliographical references and index.
505 0 _aConstitutions, Constitutional Law, and Constitutionalism -- Constitution-Making -- Constitutional Change -- Courts And Constitutional Review -- The Separation of Powers -- Emergencies -- Federalism and the Territorial Organization of Power -- An Overview of Constitutional Rights -- Pluralism -- Equality and Non-Discrimination -- Economic and Social Rights -- Elections and Democracy.
520 _a"This textbook takes a new approach to the study of comparative constitutional law, suitable for law and social science courses at graduate or undergraduate levels. First, it is interdisciplinary and seeks to integrate state-of-the-art literature and caselaw from comparative constitutional law with insights from social science. It uses quantitative evidence to identify trends in constitutional texts and practices. Second, it is global in scope, recognizing that constitution-making and constitutional interpretation are increasingly transnational practices. This textbook includes many cases and judicial decisions. However, it situates those decisions in their social and political contexts and includes excerpts from scholarly works, as well as detailed explanations and citations. The textbook aims to broaden the field of comparative constitutional law far beyond the usual suspects. The reader will find examples not only from North America and Europe, but also from understudied jurisdictions in Africa, Asia, and Latin America. This textbook has 14 chapters. Chapter 1 introduces the foundational concepts of constitutions and constitutionalism, while Chapters 2 and 3 look at constitution-making and constitutional change. Chapters 5, 6, and 7 consider issues related to state structure - the horizontal separation of powers, states of emergency, and federalism. Chapter 8 introduces key overarching issues in rights interpretation, while Chapters 9 through 12 cover selected rights issues: freedom of speech, pluralism, equality, and economic and social rights. Chapter 13 discusses key issues related to elections, voting, and the protection of democracy, while Chapter 14 looks at the many ways in which constitutions interact with international law"-- Provided by publisher.
650 0 _aConstitutional law
_0http://id.loc.gov/authorities/subjects/sh85031329
650 0 _aConstitutional law
_xPolitical aspects
650 0 _aComparative law
_0http://id.loc.gov/authorities/subjects/sh85029299
700 1 _aGinsburg, Tom
_eauthor
700 1 _aLandau, David E.
_eauthor
906 _a7
_bcbc
_corignew
_d1
_eecip
_f20
_gy-gencatlg
942 _2ddc
_cBK
999 _c217863
_d217863